| 000 | 00933cam a2200217 4500 | ||
|---|---|---|---|
| 001 | WB3704-13 | ||
| 008 | 000000n2001 000 0 eng u | ||
| 035 | _a(Sirsi) u110522 | ||
| 245 | _aUpdating the stock trade? | ||
| 260 | _c2001 | ||
| 490 |
_aMunicipal Journal _v 19-25 January 2001, 14(2) |
||
| 520 | _aGovernment is to encourage local authorities to use arm's length companies to manage council housing. This would mean that local authorities would retain strategic control over their housing stock while running municipal housing along business lines. Councils have already been encouraged to transfer their stock to housing associations and other RSLs. Discusses both types of schemes. | ||
| 590 | _aWB | ||
| 650 | _aARM'S LENGTH COMPANIES | ||
| 650 | _aSTOCK TRANSFER | ||
| 650 | _aLOCAL AUTHORITIES | ||
| 650 | _aCOUNCIL HOUSING | ||
| 650 | _aHOUSING STOCK | ||
| 690 |
_aAffordable housing _96215 |
||
| 942 | _n0 | ||
| 999 |
_c65881 _d65881 |
||